000 00505nam a2200181Ia 4500
001 4908
005 20260306145829.0
008 260306t2014||||xx |||||||||||||| ||spa||
041 _aESP
082 _a331.12922
_bG15
100 _aGallegos, Armando,
_eAUT
245 0 _aBrechas entre oferta y demanda de ingenieros de minas, ingenieros metalúrgicos e ingenieros geólogos
260 _c2014
300 _aviii, 311 páginas :
_c27 cm.
650 _aGEN
654 _aCAN
942 _cLIB
_dJUS
_fJUS
_2ddc
_n
999 _c4908
_d4908